Statistics for Countries With the Most Polish Speakers

Click here to take the quiz!

General Stats

  • This quiz has been taken 1,231 times
    (1,148 since last reset)
  • The average score is 8 of 10

Answer Stats

# Speakers%Country% Correct
37,815,60698.2Poland
100%
1,112,8181.4Germany
98%
660,1381.0United Kingdom
98%
576,8160.2United States
95%
275,2880.4France
84%
181,7100.5Canada
81%
52,1700.5Czech Republic
78%
160,5065.3Lithuania
75%
51,3990.2Australia
67%
135,8952.9Ireland
52%

Score Distribution

Percentile by Number Answered

Percent of People with Each Score

Your Score History

You have not taken this quiz since the last reset